| 000 | 00348nam a2200145Ia 4500 | ||
|---|---|---|---|
| 008 | 200103s9999||||xx |||||||||||||| ||und|| | ||
| 020 | _a0333929470, | ||
| 040 | _aIMU-MPC | ||
| 082 | _aColumn-65 | ||
| 100 | _aDey, B. R. | ||
| 245 | 0 | _aQuality Circles: Concepts and Practices | |
| 260 |
_bMacmillan, London _c1988 |
||
| 300 | _a187 | ||
| 942 | _cBK | ||
| 999 |
_c11483 _d11483 |
||